Statistiques concernant Capitales de l'Afrique aléatoires sur une carte

Cliquez ici pour prendre le quiz!

Statistiques générales

  • Ce quiz a été pris 14 095 fois
  • Le résultat moyen est 7 sur 12

Réponses sur la Carte

Les réponses sont colorées sur une échelle allant du rouge au vert en fonction du pourcentage des utilisateurs qui les ont devinées à leur premier essai. Vous pouvez retrouver ces pourcentages ci-dessous.
 

Statistiques - réponses

Capitales% Correct
Alger
95%
Le Caire
94%
Rabat
94%
Tunis
93%
Dakar
84%
Le Cap
74%
Tripoli
72%
Bamako
71%
Djibouti
67%
Antananarivo
64%
Brazzaville
63%
Nairobi
63%
Addis-Abeba
61%
Kinshasa
61%
Pretoria
61%
Yaoundé
60%
Accra
56%
Yamoussoukro
55%
Khartoum
54%
Ouagadougou
54%
Sao Tomé
54%
Bissau
52%
Lomé
52%
Luanda
51%
Nouakchott
51%
Niamey
50%
Freetown
49%
Libreville
49%
Praia
48%
Conakry
47%
Kigali
47%
Mogadiscio
46%
Ndjamena
46%
Porto-Novo
45%
Victoria
45%
Abuja
43%
Port-Louis
42%
Windhoek
42%
Bangui
41%
Asmara
40%
Lilongwe
39%
Banjul
38%
Harare
38%
Maputo
38%
Moroni
37%
Djouba
36%
Dodoma
35%
Mbabane
35%
Monrovia
35%
Lusaka
32%
Kampala
31%
Gaborone
29%
Maseru
29%
Bloemfontein
26%
Malabo
26%
Gitega
25%
Cotonou
14%

Distribution des résultats

Percentile par nombre de réponses

% des personnes avec chaque résultat

Votre développement - résultats

Vous n’avez pas pris ce quiz